|
|
|
|
| LEADER |
00000nam0a2200000 4500 |
| 001 |
75765 |
| 005 |
20231031091047.0 |
| 035 |
|
|
|a (RuTPU)RU\TPU\book\80843
|
| 090 |
|
|
|a 75765
|
| 100 |
|
|
|a 20050401d1976 m y0rusy50 ca
|
| 101 |
0 |
|
|a rus
|
| 102 |
|
|
|a RU
|
| 105 |
|
|
|a a j 001zy
|
| 200 |
1 |
|
|a Добыча природного газа
|e учебное пособие
|f Ф. А. Требин, Ю. Ф. Макогон, К. С. Басниев
|
| 210 |
|
|
|a Москва
|c Недра
|d 1976
|
| 215 |
|
|
|a 368 с.
|c ил.
|
| 320 |
|
|
|a Библиогр.: с. 363-365.
|
| 610 |
1 |
|
|a природные газы
|
| 610 |
1 |
|
|a горючие газы
|
| 610 |
1 |
|
|a добыча
|
| 610 |
1 |
|
|a технология
|
| 610 |
1 |
|
|a механизация
|
| 610 |
1 |
|
|a месторождения
|
| 610 |
1 |
|
|a разработка
|
| 610 |
1 |
|
|a учебные пособия
|
| 675 |
|
|
|a 622.324(075.8)
|v 3
|
| 700 |
|
1 |
|a Требин
|b Ф. А.
|g Фома Андреевич
|
| 701 |
|
1 |
|a Макогон
|b Ю. Ф.
|g Юрий Федорович
|
| 701 |
|
1 |
|a Басниев
|b К. С.
|g Каплан Сафербиевич
|
| 801 |
|
1 |
|a RU
|b 63413507
|c 20050401
|g PSBO
|
| 801 |
|
2 |
|a RU
|b 63413507
|c 20230207
|g PSBO
|
| 900 |
|
|
|a Сбор и подготовка скважинной продукции
|
| 942 |
|
|
|c BK
|
| 952 |
|
|
|a 553600
|b 090600
|